000 00385 a2200109 4500
001 ART_50894
005 20260410162007.0
008 260409a
245 1 0 _aEducación y prevención en el marco de la violencia de género y los daños injustamente sufridos
100 1 _aTanzi, Silvia Y.
773 0 _tTemas de derecho civil
_g- Año 6, N° 4 (abr. 2020)
_wREV34778
999 _c31864
_d31864